Valute d'Europa - Statistics

Statistiche generali
  • Questo quiz è stato fatto 55 volte
    10 dall'ultimo reset
  • Il punteggio medio è 37 su 44
Statistiche sulle risposte
Stato Valuta % Corretto
Andorra Euro
100%
Austria Euro
100%
Belgio Euro
100%
Bulgaria Euro
100%
Città del Vaticano Euro
100%
Croazia Euro
100%
Estonia Euro
100%
Finlandia Euro
100%
Francia Euro
100%
Germania Euro
100%
Grecia Euro
100%
Irlanda Euro
100%
Italia Euro
100%
Lettonia Euro
100%
Lituania Euro
100%
Lussemburgo Euro
100%
Malta Euro
100%
Monaco Euro
100%
Montenegro Euro
100%
Paesi Bassi Euro
100%
Portogallo Euro
100%
San Marino Euro
100%
Slovacchia Euro
100%
Slovenia Euro
100%
Spagna Euro
100%
Liechtenstein Franco svizzero
78%
Svizzera Franco svizzero
78%
Moldavia Leu moldavo
78%
Romania Leu romeno
78%
Bielorussia Rublo bielorusso
78%
Regno Unito Sterlina britannica
78%
Repubblica Ceca Corona ceca
67%
Danimarca Corona danese
67%
Islanda Corona islandese
67%
Norvegia Corona norvegese
67%
Svezia Corona svedese
67%
Albania Lek albanese
67%
Russia Rublo russo
67%
Polonia Zloty polacco
67%
Macedonia del Nord Dinaro macedone
44%
Serbia Dinaro serbo
44%
Ungheria Fiorino ungherese
33%
Ucraina Grivnia ucraina
22%
Bosnia ed Erzegovina Marco bosniaco
22%
Nessun quiz corrispondente trovato
Distribuzione punteggi
Percentuale di utenti per punteggio
Percentile per numero di risposta
I tuoi punteggi nel tempo
Non hai fatto questo quiz dall'ultimo reset